Normal view
MARC view
Entry Topical Term
001 - CONTROL NUMBER
- control field: 7270
003 - CONTROL NUMBER IDENTIFIER
- control field: dpl
005 - DATE AND TIME OF LATEST TRANSACTION
- control field: 20100805164246.0
008 - FIXED-LENGTH DATA ELEMENTS
- fixed length control field: 100805|||a|||||| | ||| d
040 ## - CATALOGING SOURCE
- Original cataloging agency: dpl
- Transcribing agency: dpl
150 ## - HEADING--TOPICAL TERM
- Topical term or geographic name as entry element: Client/ server computing
670 ## - SOURCE DATA FOUND
- Source citation: Work cat.: (dpl): Gunasekaran, S. 7269, Client server architecture and computing /, 2009
670 ## - SOURCE DATA FOUND
- Source citation: Work cat.: (dpl): Gunasekaran, S. 7269, Client server architecture and computing /, 2009
